Cooperative credit institutions and rural credit in India under neoliberalism (Record no. 513458)

000 -LEADER
fixed length control field 00482nam a2200145 4500
008 - FIXED-LENGTH DATA ELEMENTS--GENERAL INFORMATION
fixed length control field 200221b ||||| |||| 00| 0 eng d
100 ## - MAIN ENTRY--PERSONAL NAME
Personal name Sonker, Akanksha Pratik
245 ## - TITLE STATEMENT
Title Cooperative credit institutions and rural credit in India under neoliberalism
260 ## - PUBLICATION, DISTRIBUTION, ETC. (IMPRINT)
Name of publisher, distributor, etc Social Scientist
300 ## - PHYSICAL DESCRIPTION
Extent 47(11-12), Nov-Dec, 2019: p.37-61.
650 ## - SUBJECT ADDED ENTRY--TOPICAL TERM
Topical term or geographic name as entry element Rural credit - India
9 (RLIN) 16342
773 ## - HOST ITEM ENTRY
Main entry heading Social Scientist
906 ## - LOCAL DATA ELEMENT F, LDF (RLIN)
Subject DIP Agricultural credit - India
942 ## - ADDED ENTRY ELEMENTS (KOHA)
Source of classification or shelving scheme
Item type Articles
Holdings
Withdrawn status Lost status Source of classification or shelving scheme Damaged status Not for loan Permanent location Current location Date acquired Serial Enumeration / chronology Barcode Date last seen Koha item type
          Indian Institute of Public Administration Indian Institute of Public Administration 2020-02-21 47(11-12), Nov-Dec, 2019: p.37-61. AR122634 2020-02-21 Articles

Powered by Koha